000 00502nam a2200133 a 4500
008 080109s1964 ||||||||||||||||| || u
050 _aQA 76 Lev
100 _aLevine, Leon
245 1 0 _aMethods for solving engineering problems using analog computers
260 _aNew York
_bMcGraw-Hill
_c1964
300 _axiii, 485p. : ill.
350 _a0.00
995 _D0.00
_FCBU-MAIN LIBRARY (Kitwe)
_H1
_I8.65
_M1
_UAVAILABLE
_ZAnnex Low-Usage Collection
999 _c51045
_d51045